000 01321nam a22002777i 4500
999 _c23025
_d23025
003 AR-CdUCM
008 240909b20102010 pe||||| |||| 00| 0 spa d
040 _aMUNICIPALIDAD PROVINCIAL DEL CUSCO
_cBIBLIOTECA MUNICIPAL DEL CUSCO
041 _hspa
082 _2Primera Edición
_a621.39 / S26
_bS26
100 _aSarapura Yupanqui, Kruger
_950312
245 _aIntroducción a la ingeniería de sistemas /
260 _aLima :
_bEditorial San Marcos
_c2010
300 _a176 páginas. :
_c24.5 cm
500 _zBibliografía: página 175.
505 _aSistemas -- La ingeniería de sistemas -- Enfoque sistémico -- Modelo y optimización de sistemas -- Los sistemas de información -- Los procesos de negocios en las organizaciones -- Planeamiento estratégico en las organizaciones -- La computación -- Estructura de un sistema de cómputo -- Los software y sus aplicaciones -- La internet y sus usos en las tecnologías de la información
650 _aPropiedades macroscópicas
_950313
650 _aHomomorfismo
_950314
650 _aEntropía
_950315
650 _aRol de la ingeniería de sistemas
_950316
650 _aParadigma científica
_950317
650 _aGestión de procesos de negocio
_950318
650 _aRedes de computadoras
_94577
942 _2ddc
_cLIBROS
945 _apbj
_d2024-09-09